02056nkc a2200277za 450000100060000000300040000600500170001000700070002700800410003404000240007524501700009924601280026926000350039730000990043250003800053150003850091150000880129654400760138460000240146061000510148465100180153565500350155371000280158885200120161685601500162884576OSt20260423160329.0kh boc250410s1909 sp ||||| ||||||0| i|spa d cM-RABAaM-RABAbspa03aEl pontífice armando al Infante Carlos Clemente contra la infidelidad y los vicios ciñéndole un precioso cínguloh[Material gráfico]c/ Cristóbal Salesa  aEl Pontífice concediendo un precioso cíngulo al infante Carlos Clemente, armándolo contra la infidelidad y los vicios b[Hauser y Menet]c, [ca. 1909] a1 fotografía b: gelatina de platac; imagen 13,5 x 16,2 cmc; soporte secundario 24 x 30 cm aFotografía del relieve "El Pontífice concediendo un precioso cíngulo al infante Carlos Clemente, armándolo contra la infidelidad y los vicios" de Cristóbal Salesa, obteniendo el segundo premio de la Academia en Escultura, de la tercera clase en el año 1772. Se conserva en el Museo de la Real Academia de Bellas Artes de San Fernando con nº de inventario E-143. aMontada sobre un soporte secundario de cartón, con texto manuscrito a lápiz en la parte inferior al recto: "El pontífice armando al Infante Carlos Clemente contra la infidelidad y los vicios ciñéndole un precioso cíngulo. Concurso de 1772-2ª clase. 1º premio de la 2ª clase Cristóbal Salesa por 9 votos". Nota manuscrita al verso a lápiz rojo: "1772-2ª clase". aFecha probable de la realización de la fotografía realizada por Hauser y Menet. aArchivo de la Real Academia de Bellas Artes de San Fernando (Le-4-29-1)10aSalesa, Cristóbal24aReal Academia de Bellas Artes de San Fernando. 7aMadrid2embne 7aFotografías de obras de arte2 aHauser y Menet (Madrid) jFot-606 3Fot-606uhttps://archivoybiblioteca.realacademiabellasartessanfernando.com/cgi-bin/koha/opac-retrieve-file.pl?id=4b894d3d7b07529d1f674f676abb32b0